La Mia Vita Questa e la mia unica autobiografia

Sábháilte in:
Sonraí bibleagrafaíochta
Príomhchruthaitheoir: Benito
Formáid: LEABHAR
Teanga:Teanga Anaithnid nó Neamhbhailí
Foilsithe / Cruthaithe: Rizzoli
Clibeanna: Cuir clib leis
Níl clibeanna ann, Bí ar an gcéad duine le clib a chur leis an taifead seo!

MARC

LEADER 00000nam a2200000Ia 4500
001 R-2025
003 CODICE-MESSINA
005 20260212102526.0
008 260211s9999 xx 000 0 und d
040 |c importazione_messina 
100 |a Benito 
245 0 |a La Mia Vita 
245 0 |b Questa e la mia unica autobiografia 
260 |b Rizzoli 
942 |2 ddc  |c BK 
952 |0 0  |1 0  |2 ddc  |4 0  |6 SCAFFALE_21_000000000000000__STANZA_2__ROMANZO  |7 0  |9 32866  |a ME  |b ME  |d 2026-02-11  |l 0  |o SCAFFALE 21 - STANZA 2 - ROMANZO  |p R-2025  |r 2026-02-11 23:53:27  |w 2026-02-11  |x [REVISIONARE]  |y BK 
999 |c 28533  |d 28533